000 00340nam a2200157Ia 4500
100 _aHalmos/George
650 _aRoll Forming
942 _cRB
366 _f20
654 _aroll forming
245 _aRoll forming Handbook
260 _bTaylor and francis
_aUSA
_c2006
082 _a671.82/HAL
_bHAL
546 _aENGLISH
999 _c20194
_d20194